National sanitation guidelines / (Record no. 801)
[ view plain ]
| 000 -LEADER | |
|---|---|
| fixed length control field | 00329nam a2200109 4500 |
| 050 00 - LIBRARY OF CONGRESS CALL NUMBER | |
| Classification Number | TD905.U33 |
| Item Number | N3 2000 |
| 245 20 - TITLE | |
| Title | National sanitation guidelines / |
| Statement of responsibility, etc | by the Water and Sanitation Program -Africa Region (WSP-AF) |
| 260 ## - PUBLICATION, DISTRIBUTION, ETC.(IMPRINT) | |
| Place of publication, distribution, etc | Uganda : |
| Name of publisher, distributor, etc | Ministry of Health |
| Date of publication, distribution, etc | 2000. |
| 300 ## - PHYSICAL DESCRIPTION | |
| Extent | vi, 72 p. |
| 650 #0 - SUBJECT--TOPIC | |
| Topical term following geographic name as entry element | Health Sanitation. |
| 942 ## - ADDED ENTRY ELEMENTS(KOHA) | |
| Koha item type | General circulation |
| Source of classification or shelving scheme | Not for loan | Location (home branch) | Sublocation (holding branch) | Date accessioned | Cost, normal purchase price | Full call number | Barcode | Cost, replacement price | Nonpublic note | Koha item type | Public note |
|---|---|---|---|---|---|---|---|---|---|---|---|
| Library of Congress Classification | Main Campus Library | Main Campus Library | 13/08/2014 | 250.00 | TD905.U33 N3 2000 C.1 | 2017/020512 | 750.00 | Rono | General circulation | Rono | |
| Library of Congress Classification | Main Campus Library | Main Campus Library | 13/08/2014 | 250.00 | TD905.U33 N3 2000 C.2 | 2019/023530 | 750.00 | Rono | General circulation | Rono | |
| Library of Congress Classification | Main Campus Library | Main Campus Library | 13/08/2014 | 250.00 | TD 905.U33 N3 | 2019/024934 | 750.00 | Rono | General circulation | Rono | |
| Library of Congress Classification | Main Campus Library | Main Campus Library | 13/08/2014 | 250.00 | TD 905.U33 N3 | 2019/024933 | 750.00 | Rono | General circulation | Rono | |
| Library of Congress Classification | Main Campus Library | Main Campus Library | 13/08/2014 | 250.00 | TD 905 .U33 N3 | 2019/024971 | 750.00 | Rono | General circulation | Rono |